| 000 | 00000nam 2200000za 4500 |
| 001 | 9.848394 |
| 003 | CaOODSP |
| 005 | 20250422164457 |
| 007 | cr ||||||||||| |
| 008 | 171206s2018 onc o f000 0 chi d |
| 020 | |a978-0-660-24146-3 |
| 040 | |aCaOODSP|beng |
| 043 | |an-cn--- |
| 086 | 1 |aIu76-9/2018Chi1-PDF|zIu76-9/2018Ch1-PDF |
| 245 | 00|a[Consumed by debt? |h[electronic resource] : |bConsidering a fresh start? Information for consumers on the insolvency process]. |
| 250 | |a[Traditional Chinese edition]. |
| 260 | |a[Ottawa] : |bInnovation, Science and Economic Development Canada, Office of the Superintendent of Bankruptcy Canada, |cc2018. |
| 300 | |a11 p. |
| 500 | |aTitle from cover. |
| 500 | |aEnglish title supplied by the publisher. |
| 500 | |aIssued also in English under title: Consumed by debt? Considering a fresh start? Information for consumers on the insolvency process. |
| 520 | |a"Some of us will face a personal financial crisis during our lives. We may be able to solve some money problems ourselves, but other times we need professional help. It could be a problem that became worse over time. Or it could have happened suddenly because of job loss, a serious illness, a marriage breakup or other major life event. Whatever the cause, if you cannot pay your personal bills or debts, you have options"--Provided by publisher. |
| 546 | |aText in Chinese (traditional). |
| 692 | 07|2gccst|aDebt management |
| 692 | 07|2gccst|aBankruptcies |
| 692 | 07|2gccst|aPersonal finance |
| 710 | 1 |aCanada. |bInnovation, Science and Economic Development Canada. |
| 710 | 1 |aCanada. |bOffice of the Superintendent of Bankruptcy. |
| 775 | 08|tConsumed by debt? |w(CaOODSP)9.847982 |
| 792 | |t[Croulez-vous sous les dettes? |efre|w(CaOODSP)9.848396 |
| 795 | |t[Consumed by debt? |w(CaOODSP)9.844248 |
| 856 | 40|qPDF|s950 KB|uhttps://publications.gc.ca/collections/collection_2018/isde-ised/Iu76-9-2018-chi-1.pdf |